000 01021nam2a22002411 4500
001 RU\NLR\INFOCOMM44\1000001689
005 20250617041308.0
035 _a(NLR Aleph) 002437685
090 _a2053142
_c2053142
100 _a20040309d1985 |||y0rusy50 ca
101 0 _arus
102 _aRU
105 _ay |||||||||
200 1 _aПроблема управления ресурсами диких копытных
210 _d1985
_aБ. м.
461 0 _1001RU\NLR\INFOCOMM44\1000001677
_12001#$aЗоология позвоночных$fГос. ком. Совета Министров СССР по науке и технике. АНСССР. ВИНИТИ$vТ.13
_92053031
_cМ.
_d1971-
_fГос. ком. Совета Министров СССР по науке и технике. АНСССР. ВИНИТИ
_tЗоология позвоночных
_vТ.13
801 1 _aRU
_bInfoComm
_c20040309
801 0 _aRU
_bNLR
_gPSBO
852 _aNLR
_jП7/1473
942 _cISSUE
980 _aNB
980 _aRUSPER